000 00518nam a2200181Ia 4500
008 160319s9999 xx 000 0 und d
245 _aWildlife Wars /
245 _cNational Wildlife Federation.
260 _bEducational Technologies Ltd.
260 _c2005
300 _a1 videodisc (90 min.) :
300 _bsound., color ;
300 _c4 3/4 in.
440 _aWildlife survivors series.
650 _aAnimals and civilization.
650 _aWildlife conservation.
650 _aWildlife conservation.
999 _c292546
_d292546